Movies Quiz

Random Movies or Oscar Quiz

Most Oscar Nominations by Film Quiz Stats

Quiz not verified by Sporcle

Challenge
Share
Tweet
Embed
Score 0/28 Timer 10:00
0 Plays Today
Year Film % Correct
1997Titanic
95.4%
2016La La Land
91.3%
1939Gone With the Wind
82.3%
1959Ben-Hur
75.2%
2000Gladiator
69.2%
2010The King's Speech
66.3%
1994Forrest Gump
64.1%
1993Schindler's List
63.8%
1990Dances with Wolves
60%
1998Shakespeare in Love
58.5%
1950All About Eve
58.3%
1996The English Patient
57.5%
2002Chicago
57.3%
2015The Revenant
56.5%
Year Film % Correct
2001The Lord of the Rings: The Fellowship of the Ring
56.1%
2012Lincoln
52.2%
1954On the Waterfront
47.1%
1964My Fair Lady
43.9%
1953From Here to Eternity
36.9%
2008The Curious Case of Benjamin Button
35.9%
1964Mary Poppins
34.2%
1981Reds
34%
1951A Streetcar Named Desire
32.8%
1942Mrs. Miniver
31.1%
1966Who's Afraid of Virginia Woolf?
29.4%
1943The Song of Bernadette
15.5%
1964Becket
14.3%
1948Johnny Belinda
14.1%

You're not logged in!

Compare scores with friends on all Sporcle quizzes.
Join for Free
OR
Log In

You Might Also Like...

Show Comments

Extras

Top Quizzes Today


Score Distribution

Your Account Isn't Verified!

In order to create a playlist on Sporcle, you need to verify the email address you used during registration. Go to your Sporcle Settings to finish the process.

Report this User

Report this user for behavior that violates our Community Guidelines.

Details: